[Event "English Online Blitz Gp2"]
[Site "Chess.com INT"]
[Date "2020.05.09"]
[Round "1"]
[White "Haria, Ravi"]
[Black "Kuzhelev, Timur"]
[Result "1-0"]
[WhiteElo "2440"]
[BlackElo "1781"]
[PlyCount "115"]
[EventDate "2020.05.09"]
[EventType "swiss (blitz)"]
[EventRounds "11"]
[EventCountry "ENG"]
[SourceTitle "CBM 196 Extra"]
[Source "ChessBase"]
[SourceDate "2020.07.31"]
[SourceVersion "1"]
[SourceVersionDate "2020.07.31"]
[SourceQuality "1"]

1. Nf3 Nf6 2. g3 g6 3. Bg2 Bg7 4. d4 d6 5. 0-0 0-0 6. a4 Nbd7 7. a5 a6 8. c4 e5 9. Nc3 c6 10. h3 exd4 11. Nxd4 Ne5 12. b3 c5 13. Nc2 Qc7 14. Bg5 Bd7 15. Ne3 Bc6 16. Bxf6 Bxf6 17. Ned5 Qd8 18. Nxf6+ Qxf6 19. Nd5 Qg7 20. Qd2 Rad8 21. Rac1 f5 22. Nf4 Bxg2 23. Kxg2 Qf7 24. Rfd1 g5 25. Nd5 f4 26. Qc3 f3+ 27. exf3 Qxf3+ 28. Qxf3 Rxf3 29. Rc3 Rdf8 30. Rxf3 Rxf3 31. Ne3 Rf6 32. g4 Kf7 33. Nf5 Rxf5 34. gxf5 Ke7 35. Kg3 Nf7 36. f4 h6 37. fxg5 hxg5 38. Re1+ Kf6 39. Re6+ Kxf5 40. Re7 Ne5 41. Rxb7 Nc6 42. Rb6 Nxa5 43. Kf3 Ke5 44. Kg4 Kd4 45. Kxg5 Kc3 46. h4 Nxb3 47. h5 Kxc4 48. h6 d5 49. h7 a5 50. h8Q a4 51. Qb2 d4 52. Ra6 Kb5 53. Ra8 c4 54. Qa3 d3 55. Qxa4+ Kc5 56. Rc8+ Kd5 57. Qxc4+ Kd6 58. Qxd3+ 1-0

[Event "London Classic rapid op 11th"]
[Site "London"]
[Date "2019.12.07"]
[Round "1"]
[White "Johnson, Daniel"]
[Black "Kuzhelev, Timur"]
[Result "1/2-1/2"]
[WhiteElo "2056"]
[BlackElo "1733"]
[PlyCount "78"]
[EventDate "2019.12.07"]
[EventType "swiss (rapid)"]
[EventRounds "7"]
[EventCountry "ENG"]
[SourceTitle "CBM 195 Extra"]
[Source "ChessBase"]
[SourceDate "2020.05.31"]
[SourceVersion "1"]
[SourceVersionDate "2020.05.31"]
[SourceQuality "1"]

1. d4 Nf6 2. c4 g6 3. Nc3 Bg7 4. e4 d6 5. f3 0-0 6. Nge2 c5 7. d5 a6 8. a4 a5 9. Bg5 Na6 10. Qd2 Nb4 11. Nc1 h6 12. Be3 Kh7 13. Be2 Bd7 14. 0-0 b6 15. h3 Qc7 16. f4 Rae8 17. Nd3 e5 18. fxe5 dxe5 19. Rf2 Qd6 20. Raf1 Re7 21. Bf3 Ne8 22. Nxb4 axb4 23. Nb5 Bxb5 24. cxb5 f5 25. Re2 f4 26. Bf2 Nf6 27. Rc1 Ra7 28. b3 g5 29. Ree1 h5 30. Qe2 Kg6 31. Rf1 Qd7 32. g4 h4 33. Ra1 Rfa8 34. Rfc1 Bf8 35. Ra2 Bd6 36. Qc2 Ne8 37. Rca1 Ra5 38. Be2 Qc7 39. Kg2 Nf6 1/2-1/2

[Event "London Classic rapid op 11th"]
[Site "London"]
[Date "2019.12.07"]
[Round "5"]
[White "Kuzhelev, Timur"]
[Black "Eames, Robert"]
[Result "1-0"]
[WhiteElo "1733"]
[BlackElo "2067"]
[PlyCount "117"]
[EventDate "2019.12.07"]
[EventType "swiss (rapid)"]
[EventRounds "7"]
[EventCountry "ENG"]
[SourceTitle "CBM 195 Extra"]
[Source "ChessBase"]
[SourceDate "2020.05.31"]
[SourceVersion "1"]
[SourceVersionDate "2020.05.31"]
[SourceQuality "1"]

1. e4 e5 2. Nc3 Nf6 3. f4 d5 4. fxe5 Nxe4 5. Nf3 Bc5 6. d4 Bb4 7. Bd2 Bg4 8. Nxe4 dxe4 9. Bxb4 exf3 10. gxf3 Qh4+ 11. Ke2 Bh5 12. Qd3 Nc6 13. Bc3 0-0-0 14. Qf5+ Kb8 15. Rd1 g6 16. Qf6 Qxf6 17. exf6 Rhe8+ 18. Kf2 Rd6 19. d5 Ne5 20. Bb5 c6 21. dxc6 Rxd1 22. Rxd1 Nxc6 23. Bxc6 bxc6 24. Rd7 g5 25. Bd2 Re5 26. h4 h6 27. hxg5 hxg5 28. f4 Re2+ 29. Kg3 Kc8 30. Rd6 Kc7 31. Rd4 c5 32. Rd3 Bg6 33. Ba5+ Kc6 34. Rc3 gxf4+ 35. Kxf4 Rf2+ 36. Rf3 Rxc2 37. Bc3 Re2 38. Rh3 Re4+ 39. Kg5 Kd5 40. Kh6 Bf5 41. Rg3 Ke6 42. Rg1 c4 43. Kh5 Bg6+ 44. Kh6 Re2 45. Kg7 Bd3 46. Rg5 a5 47. Rxa5 Rg2+ 48. Kf8 Bg6 49. Re5+ Kd6 50. Re7 Kd5 51. a4 Rh2 52. Kg8 Rh1 53. a5 Ra1 54. Re5+ Kc6 55. Rg5 Be4 56. Kxf7 Rf1 57. Ke7 Rh1 58. f7 Rh7 59. Bg7 1-0

[Event "London Classic op 11th"]
[Site "London"]
[Date "2019.12.05"]
[Round "8"]
[White "Kuzhelev, Timur"]
[Black "Bates, Caspar J"]
[Result "0-1"]
[WhiteElo "1716"]
[BlackElo "2120"]
[PlyCount "78"]
[EventDate "2019.11.29"]
[EventType "swiss"]
[EventRounds "9"]
[EventCountry "ENG"]
[SourceTitle "CBM 193 Extra"]
[Source "ChessBase"]
[SourceDate "2020.01.31"]
[SourceVersion "1"]
[SourceVersionDate "2020.01.31"]
[SourceQuality "1"]

1. e4 e5 2. Nc3 Nf6 3. f4 d5 4. fxe5 Nxe4 5. Nf3 Be7 6. d3 Nxc3 7. bxc3 0-0 8. Be2 f6 9. exf6 Bxf6 10. d4 Nc6 11. 0-0 Bg4 12. Bf4 Na5 13. Ne5 Bxe2 14. Qxe2 Qe8 15. Rae1 Bxe5 16. Bxe5 Qd7 17. Rxf8+ Rxf8 18. Rf1 Rxf1+ 19. Kxf1 c6 20. g4 Qe6 21. h4 Nc4 22. Kg2 a6 23. Kg3 Nd6 24. Qf3 Ne4+ 25. Kg2 b5 26. h5 g6 27. h6 Qe7 28. Bg7 Ng5 29. Qf2 Qe4+ 30. Kh2 Ne6 31. Be5 Qxg4 32. Bg7 Qf4+ 33. Qxf4 Nxf4 34. Kg3 Ne2+ 35. Kg4 Kf7 36. c4 bxc4 37. Kf3 Nc3 38. Kf4 Ke6 39. a3 Nb5 0-1

[Event "London Classic op 11th"]
[Site "London"]
[Date "2019.12.04"]
[Round "7"]
[White "Burke, John S"]
[Black "Kuzhelev, Timur"]
[Result "0-1"]
[WhiteElo "1966"]
[BlackElo "1716"]
[PlyCount "46"]
[EventDate "2019.11.29"]
[EventType "swiss"]
[EventRounds "9"]
[EventCountry "ENG"]
[SourceTitle "CBM 193 Extra"]
[Source "ChessBase"]
[SourceDate "2020.01.31"]
[SourceVersion "1"]
[SourceVersionDate "2020.01.31"]
[SourceQuality "1"]

1. d4 Nf6 2. Bf4 g6 3. Nc3 Bg7 4. e4 d6 5. Qd2 0-0 6. Bh6 Nbd7 7. f3 c5 8. d5 a6 9. h4 Nh5 10. Nge2 Ne5 11. b3 f5 12. Bxg7 Nxg7 13. 0-0-0 b5 14. Nf4 b4 15. Nce2 fxe4 16. fxe4 Bg4 17. Re1 Qa5 18. Kb1 c4 19. a4 c3 20. Qe3 Bd7 21. Kc1 Bxa4 22. bxa4 Qxa4 23. Kd1 Nc4 0-1

[Event "London Classic op 11th"]
[Site "London"]
[Date "2019.11.30"]
[Round "2"]
[White "Walker, Samuel"]
[Black "Kuzhelev, Timur"]
[Result "1-0"]
[WhiteElo "2039"]
[BlackElo "1716"]
[PlyCount "85"]
[EventDate "2019.11.29"]
[EventType "swiss"]
[EventRounds "9"]
[EventCountry "ENG"]
[SourceTitle "CBM 193 Extra"]
[Source "ChessBase"]
[SourceDate "2020.01.31"]
[SourceVersion "1"]
[SourceVersionDate "2020.01.31"]
[SourceQuality "1"]

1. e4 e5 2. Nf3 d5 3. exd5 e4 4. Qe2 Nf6 5. Nc3 Be7 6. Nd4 0-0 7. Qc4 Nbd7 8. Be2 Nb6 9. Qb3 Nbxd5 10. d3 exd3 11. Nxd5 Nxd5 12. Bxd3 Bb4+ 13. c3 Re8+ 14. Kf1 Bc5 15. Bc4 c6 16. Bxd5 cxd5 17. Be3 b6 18. Rd1 Ba6+ 19. Kg1 Bc4 20. Qc2 Rc8 21. h4 h6 22. Rh3 Re4 23. Nf5 Qf6 24. Rf3 Bxe3 25. Nxe3 Qxh4 26. Qd2 Rce8 27. b3 Bd3 28. Qxd3 R8e5 29. Rf5 Re6 30. Rxd5 g6 31. Rd4 Rxd4 32. cxd4 Rf6 33. Qd2 b5 34. d5 Rd6 35. Qd4 Qe7 36. Rc1 Rd8 37. b4 f5 38. Qf4 Kh7 39. Rc7 Rd7 40. Nxf5 Qe1+ 41. Kh2 g5 42. Rxd7+ Kg6 43. Rd6+ 1-0

[Event "Hampshire op"]
[Site "Fareham"]
[Date "2019.11.02"]
[Round "3"]
[White "Aubury, Benjamin"]
[Black "Kuzhelev, Timur"]
[Result "1/2-1/2"]
[WhiteElo "1708"]
[BlackElo "1716"]
[PlyCount "59"]
[EventDate "2019.11.01"]
[EventType "swiss"]
[EventRounds "6"]
[EventCountry "ENG"]
[SourceTitle "CBM 192 Extra"]
[Source "Chessbase"]
[SourceDate "2019.11.06"]
[SourceVersion "1"]
[SourceVersionDate "2019.11.06"]
[SourceQuality "1"]

1. d4 Nf6 2. c4 g6 3. g3 Bg7 4. Bg2 0-0 5. Nc3 d6 6. Nf3 Nbd7 7. e4 e5 8. h3 Nb6 9. b3 exd4 10. Nxd4 c5 11. Nde2 Re8 12. Bf4 Re6 13. 0-0 Qe7 14. Qd3 Nbd7 15. Nd5 Qd8 16. Nec3 Ne5 17. Qc2 Nc6 18. Be3 Re8 19. Rad1 Nxd5 20. Nxd5 Nd4 21. Qd3 Be6 22. Nf4 Qd7 23. Kh2 Rad8 24. Ne2 Nc6 25. Bg5 Ne5 26. Qc2 f6 27. Be3 Qc7 28. Nf4 Nc6 29. Qd2 b6 30. Qc1 1/2-1/2

[Event "Hampshire op"]
[Site "Fareham"]
[Date "2019.11.02"]
[Round "4"]
[White "Kuzhelev, Timur"]
[Black "Wilson, Jaimie"]
[Result "1/2-1/2"]
[WhiteElo "1716"]
[BlackElo "2097"]
[PlyCount "115"]
[EventDate "2019.11.01"]
[EventType "swiss"]
[EventRounds "6"]
[EventCountry "ENG"]
[SourceTitle "CBM 192 Extra"]
[Source "Chessbase"]
[SourceDate "2019.11.06"]
[SourceVersion "1"]
[SourceVersionDate "2019.11.06"]
[SourceQuality "1"]

1. e4 c5 2. Nf3 e6 3. d3 Nc6 4. g3 d5 5. Nc3 Nf6 6. Bg5 Be7 7. Bg2 0-0 8. 0-0 h6 9. Bd2 b6 10. exd5 exd5 11. Bf4 Be6 12. Ne5 Nxe5 13. Bxe5 Rc8 14. Re1 Qd7 15. Qd2 Rfe8 16. d4 Ng4 17. dxc5 Nxe5 18. Rxe5 Bf6 19. Re2 Rxc5 20. Nxd5 Bxb2 21. Rd1 Rd8 22. Ne7+ Kf8 23. Ng6+ Ke8 24. Qxd7+ Rxd7 25. Rxd7 Kxd7 26. Nf8+ Kd6 27. Nxe6 fxe6 28. Bh3 e5 29. Rd2+ Bd4 30. Kf1 Rc3 31. f4 Kc5 32. fxe5 Bxe5 33. Be6 Bd4 34. Kg2 Re3 35. Bb3 b5 36. Rf2 a5 37. Rf5+ Kb4 38. a3+ Kxa3 39. Rxb5 a4 40. Bc4 Rc3 41. Bd3 Rc5 42. Rb7 Rc6 43. Kf3 Rb6 44. Rc7 Be5 45. Ra7 Bc3 46. Ke4 Rb4+ 47. Kf5 Kb2 48. Rc7 a3 49. Bc4 Rxc4 50. Rxc4 a2 51. Ra4 a1Q 52. Rxa1 Kxa1 53. g4 Kb2 54. g5 hxg5 55. Kxg5 Kxc2 56. Kg6 Bf6 57. h4 Bxh4 58. Kxg7 1/2-1/2

[Event "Gibraltar U16 op"]
[Site "Caleta"]
[Date "2019.08.18"]
[Round "4"]
[White "Tombolis, Christopher"]
[Black "Kuzhelev, Timur"]
[Result "1/2-1/2"]
[WhiteElo "1874"]
[BlackElo "1597"]
[PlyCount "156"]
[EventDate "2019.08.16"]
[EventType "swiss"]
[EventRounds "6"]
[EventCountry "GGB"]
[SourceTitle "CBM 195 Extra"]
[Source "ChessBase"]
[SourceDate "2020.05.31"]
[SourceVersion "1"]
[SourceVersionDate "2020.05.31"]
[SourceQuality "1"]

1. d4 Nf6 2. c4 g6 3. Nc3 Bg7 4. e4 d6 5. Nf3 0-0 6. Be2 e5 7. 0-0 Nc6 8. d5 Ne7 9. Ne1 Nd7 10. Be3 f5 11. f3 f4 12. Bf2 g5 13. a4 a6 14. b4 Qe8 15. c5 Qg6 16. c6 bxc6 17. dxc6 Nf6 18. b5 h5 19. b6 cxb6 20. Qxd6 Qe8 21. c7 Nc6 22. Nd5 Nxd5 23. exd5 Nd4 24. Bxd4 exd4 25. Bd3 Rf6 26. Qd8 Bb7 27. Qxe8+ Rxe8 28. Rc1 Rc8 29. d6 Rxd6 30. Bf5 Re8 31. c8Q Bxc8 32. Rxc8 Rxc8 33. Bxc8 d3 34. Bxa6 d2 35. Nd3 Bd4+ 36. Kh1 Be3 37. Rd1 Kf7 38. Nb2 Ke6 39. Nc4 Rd5 40. g3 Rd8 41. Kg2 Kd5 42. Kf1 Kc5 43. Ke2 Re8 44. Bb5 Re7 45. Nxd2 Kb4 46. Rb1+ Ka3 47. Ne4 g4 48. gxf4 Bxf4 49. Bc6 Bxh2 50. fxg4 hxg4 51. Kf2 Be5 52. Kg2 Rh7 53. Rd1 Rh2+ 54. Kg1 Rc2 55. Bb5 Bf4 56. Rd3+ Kb2 57. Bd7 Rc1+ 58. Kg2 Rc2+ 59. Kf1 Rc1+ 60. Ke2 Rc2+ 61. Ke1 Rc1+ 62. Ke2 Rc2+ 63. Kf1 Rc1+ 64. Ke2 Rc2+ 65. Ke1 Rc1+ 66. Ke2 Rc2+ 67. Ke1 Rc1+ 68. Kf2 Rc2+ 69. Kf1 Rc1+ 70. Ke2 Rc2+ 71. Ke1 Rc1+ 72. Rd1 Rc4 73. Nd2 Rd4 74. Rb1+ Ka3 75. Nb3 Rxd7 76. Nc1 g3 77. Ne2 Be3 78. Nxg3 Kxa4 1/2-1/2